00226nam a2200097Ia 4500008004100000082001600041100002000057245002100077260001800098600001200116241002s9999 xx 000 0 und d a960.327 DAV aDavidson, Basil 0aWhich Way Africa aLondon:c1971 aHistory